000 01628nam a2200397 i 4500
001 768714001
003 CO-MdFUSB
005 20260422163927.0
007 ta
008 241117t2001 sp ||||| |||| 001 0 spa d
020 _a84-87940-56-0
040 _bspa.
_aCO-MdFUSB
_cCO-MdFUSB
_dCO-MdFUSBC
_erda
041 _aspa
_heng
082 _223
_a222.54092
_bP624
100 _aPierson, Lance ‎
_eautor
240 _aElijah: standing for God in a hostile world.
245 1 _aElías :
_brepresentante de Dios en un mundo hostil
_c/ Lance Pierson ; traducido por Elena Flores Sanz
250 _a1ª edición :
_b2001
264 1 _aBarcelona, España :
_bAndamio,
_c[2001]
264 4 _c©2001
300 _a152 páginas
_c; 20 cm
336 _2rdacontent
_atexto
_btxt
337 _2rdamedia
_asin mediación
_bn
338 _2rdacarrier
_avolumen
_bnc
500 _aIncluye índice
505 _aEl hombre que cambió el tiempo — El hombre que desapareció — El hombre que puso a una nación de rodillas — El hombre que deseó estar muerto — El hombre que condenó a muerte a tres reyes — El hombre que impuso una moda con un solo traje — El hombre que nunca murió — Elogio sincero de un hombre famoso — Una oración — Para un estudio más profundo.
563 _aRústico
650 0 _aEstudios bíblicos
_91781
653 _aBiblia. Antiguo Testamento–Biografías
653 _aElías (Profeta bíblico)
653 _aPersonajes bíblicos
653 _aVida cristiana
700 _aFlores Sanz, Elena,
_910957
_etraductor
942 _cBK
945 _aCatherine Arias Alvarez
999 _c71210
_d71210